Römische Städte in Deutschland nach lateinischen Namen - Statistiken

Allgemein
  • Dieses Quiz wurde 58 mal gespielt
  • Das Durchschnittsergebnis liegt bei 9 aus 22
Antwortstatistiken
Lateinischer Name Land Deutscher Name % Korrekt
Colonia Claudia Ara Agrippinensium NW Köln
91%
Bonna NW Bonn
89%
Augusta Treverorum RP Trier
85%
Augusta Vindelicum BY Augsburg
72%
Mogontiacum RP Mainz
70%
Confluentes RP Koblenz
67%
Castra Regina BY Regensburg
61%
Nida HE Frankfurt am Main
59%
Aquae Mattiacorum HE Wiesbaden
46%
Borbetomagus RP Worms
39%
Novaesium NW Neuss
33%
Aquae BW Baden-Baden
31%
Noviomagus RP Speyer
31%
Cambodunum BY Kempten
30%
Portus BW Pforzheim
30%
Castra Batava BY Passau
24%
Castra Vetera NW Xanten
22%
Rigomagus RP Remagen
17%
Sorviodurum BY Straubing
9%
Arae Flaviae BW Rottweil
7%
Lopodunum BW Ladenburg
4%
Sumelocenna BW Rottenburg am Neckar
2%
Keine übereinstimmenden Quizze gefunden
Verteilung der Resultate
Anzahl Personen mit jedem Resultat
Perzentil nach korrekt beantworteten Fragen
Ihre Resultats-Entwicklung
Sie haben dieses Quiz noch nicht gespielt